00461 2200157 4500001002100000005001500021035002000036245008700056100002700143250001700170300003400187260003400221082001000255084001600265020002200281INLIS00000000000046120240702084929 a0010-07240000161 aAl-Qur'an dan Hadis 4 untuk Kelas IV Madrasah Ibtidaiyah /cTicha Fauziyatul Anwar0 aTicha Fauziyatul Anwar acetakan ke-1 axvi, 144 hlm :bilus ;c25 cm aSolo :bTiga Serangkai,c2020 a2X1.1 a2X1.1 TIC a a978-602-320-935-4